|
|
|
|
| LEADER |
00000nam2a2200000 4500 |
| 001 |
20160 |
| 005 |
20231101205334.0 |
| 035 |
|
|
|a (RuTPU)RU\TPU\book\20337
|
| 035 |
|
|
|a BOOK00020407
|
| 090 |
|
|
|a 20160
|
| 100 |
|
|
|a 20011209d1972 km y0rusy50 ca
|
| 101 |
1 |
|
|a rus
|c chi
|
| 102 |
|
|
|a RU
|
| 105 |
|
|
|a y z 001zy
|
| 200 |
0 |
|
|a Т. 1
|
| 210 |
|
|
|d 1972
|
| 215 |
|
|
|a 363 с.
|
| 320 |
|
|
|a Указатель имен и предметов: с. 355-362
|
| 330 |
|
|
|a В предлагаемой читателям антологии древнекитайской философии приводятся памятники мысли, относящиеся к двум основным этапам развития философской мысли в Древнем Китае: этапу зарождения философских воззрении, который охватывает период VIII—VI вв. до н. э., и этапу расцвета философской мысли — этапу соперничества «ста школ», который традиционно относится к VI—III вв. до н. э. В первый том преимущественно вошли отрывки из произведений конфуцианцев, даосистов и моистов.
|
| 461 |
|
1 |
|0 (RuTPU)RU\TPU\book\7705
|t Древнекитайская философия
|o Собрание текстов
|o В 2 т.
|v Т. 1
|o пер. с кит.
|f Академия наук СССР (АН СССР), Институт философии (ИФ) ; авт. предисл. В. Г. Буров ; М. Л. Титаренко
|d 1972-
|s Философское наследие
|
| 606 |
1 |
|
|a Китайская философия
|2 stltpush
|3 (RuTPU)RU\TPU\subj\14445
|9 40828
|
| 610 |
1 |
|
|a философия
|
| 610 |
1 |
|
|a древняя китайская философия
|
| 610 |
1 |
|
|a древнекитайская философия
|
| 610 |
1 |
|
|a история
|
| 610 |
1 |
|
|a исторические источники
|
| 686 |
|
|
|a Ю3(5Кит)
|v LBC/SL-A
|2 rubbk
|
| 801 |
|
0 |
|a RU
|b 63413507
|c 20011209
|g PSBO
|
| 801 |
|
2 |
|a RU
|b 63413507
|c 20141204
|g PSBO
|
| 942 |
|
|
|c BK
|